000
00214 a2200097 4500
001
17595
100
_a
Okress E C
245
_a
Microwave power Engineering
260
_a
_b
Academic Press
_c
090
_c
12987
_d
12987
942
_a
NUST-CAE
_c
M
_c
3321
999
_c
252668
_d
252668